|
|
|
|
| LEADER |
00000nam0a2200000 4500 |
| 001 |
35497 |
| 005 |
20231101210315.0 |
| 035 |
|
|
|a (RuTPU)RU\TPU\book\35931
|
| 035 |
|
|
|a BOOK00002583
|
| 090 |
|
|
|a 35497
|
| 100 |
|
|
|a 20011210d1983 m y0rusy50 ca
|
| 101 |
0 |
|
|a rus
|
| 102 |
|
|
|a RU
|
| 105 |
|
|
|a y j 000zy
|
| 200 |
1 |
|
|a Линейные электрические цепи. Новые разделы курса теоретических основ электротехники
|e учебное пособие
|f Л. А. Бессонов
|
| 205 |
|
|
|a 3-е изд., перераб. и доп.
|
| 210 |
|
|
|a Москва
|c Высшая школа
|d 1983
|
| 215 |
|
|
|a 336 с.
|
| 606 |
|
|
|a Электрические цепи, линейные
|x Теория
|2 stltpush
|3 (RuTPU)RU\TPU\subj\27771
|9 51470
|
| 610 |
1 |
|
|a электротехника
|
| 610 |
1 |
|
|a линейные электрические цепи
|
| 610 |
1 |
|
|a теория
|
| 610 |
1 |
|
|a расчеты
|
| 610 |
1 |
|
|a огибающие амплитуды
|
| 610 |
1 |
|
|a модуляции
|
| 610 |
1 |
|
|a преобразование Лапласа
|
| 610 |
1 |
|
|a схемы
|
| 610 |
1 |
|
|a расчеты
|
| 610 |
1 |
|
|a учебные пособия
|
| 675 |
|
|
|a 621.3.011(075.8)
|v 3
|
| 700 |
|
1 |
|a Бессонов
|b Л. А.
|g Лев Алексеевич
|
| 801 |
|
0 |
|a RU
|b 63413507
|c 20011210
|g PSBO
|
| 801 |
|
2 |
|a RU
|b 63413507
|c 20201106
|g PSBO
|
| 900 |
|
|
|a Теория электрических цепей и сигналов
|
| 942 |
|
|
|c BK
|